Bush's Cabinet Quiz Stats

 Plays Quiz Updated Jul 30, 2021

Support Sporcle.
Go Orange.
Score 0/48 Timer 08:00
0 Plays Today
Position Member % Correct
Vice PresidentDick Cheney
96.6%
Secretary of StateCondoleezza Rice
92.3%
Secretary of StateColin Powell
84.5%
Secretary of DefenseDonald Rumsfeld
74.5%
Secretary of DefenseRobert Gates
54.8%
Attorney GeneralJohn Ashcroft
44.9%
Attorney GeneralAlberto Gonzales
41.2%
Secretary of TreasuryHenry Paulson
34.4%
Secretary of Homeland SecurityTom Ridge
31.7%
Chief of StaffAndrew Card
23.4%
Secretary of TreasuryJohn Snow
21.1%
Secretary of LaborElaine Chao
19.1%
Secretary of Homeland SecurityMichael Chertoff
18.7%
Attorney GeneralMichael Mukasey
16.7%
Secretary of Health and Human ServicesTommy Thompson
16.5%
Secretary of EducationMargaret Spellings
14.8%
Secretary of TreasuryPaul O'Neill
14.5%
Administrator of the Environmental Protection AgencyChristine Todd Whitman
14.4%
Secretary of TransportationNorman Mineta
12.7%
Administrator of the Environmental Protection AgencyStephen Johnson
11.8%
Chief of StaffJoshua Bolten
11.1%
Director of the Office of Management and BudgetJoshua Bolten
11.1%
Secretary of Housing and Urban DevelopmentAlphonso Jackson
10.7%
Secretary of the InteriorGale Norton
10.3%
Position Member % Correct
Director of the Office of Management and BudgetRob Portman
9%
United States Trade RepresentativeRob Portman
9%
Secretary of EducationRod Paige
8.6%
Secretary of Housing and Urban DevelopmentMel Martinez
8.3%
Secretary of EnergySpencer Abraham
8.2%
Secretary of the InteriorDirk Kempthorne
8.2%
Secretary of AgricultureMike Johanns
7.3%
Secretary of CommerceCarlos Gutierrez
6.9%
Secretary of CommerceDonald Evans
6.5%
Director of the Office of Management and BudgetMitch Daniels
6.3%
Secretary of AgricultureAnn Veneman
6.3%
Secretary of Health and Human ServicesMichael Leavitt
6.1%
Administrator of the Environmental Protection AgencyMichael Leavitt
6.1%
Secretary of TransportationMary Peters
6%
Secretary of EnergySamuel Bodman
4.8%
Secretary of Veterans AffairsAnthony Principi
4.4%
Secretary of AgricultureEd Schafer
4%
Secretary of Veterans AffairsJim Nicholson
3.9%
United States Trade RepresentativeRobert Zoellick
3.9%
Director of the Office of Management and BudgetJim Nussle
3.7%
United States Trade RepresentativeSusan Schwab
3.5%
Secretary of Housing and Urban DevelopmentSteve Preston
3.4%
Secretary of Veterans AffairsJames Peake
3.4%
Dir. of the Office of National Drug Control PolicyJohn Walters
3.2%

From the Vault

NFL Better with Age (QBs)

by starcivicrats

Sports 4m
We suspect that some of these QBs might actually be immortal.
Remove Ads.
Support Sporcle.
Get the best of Sporcle when you Go Orange. This ad-free experience offers more features, more stats, and more fun while also helping to support Sporcle. Thank you for becoming a member.

Show Comments

Extras

Top Quizzes Today


Score Distribution

Your Account Isn't Verified!

In order to create a playlist on Sporcle, you need to verify the email address you used during registration. Go to your Sporcle Settings to finish the process.

Report this User

Report this user for behavior that violates our Community Guidelines.

Details: